000
00219 a2200097 4500
001
46935
100
_a
Seaton A
245
_a
The Russo German war 1941-45
260
_a
London
_b
Arthur barker
_c
090
_c
30013
_d
30013
942
_a
NUST-CAE
_c
M
_c
22241
999
_c
282008
_d
282008